000 00898nam a2200265 4500
001 00005812
003 DO-SdBNP
005 20180214112751.0
007 00005812
008 160610b 2015 mx |||| 00| 0 spa d
040 _aBPMSU
_bspa
_cBPMSU
092 _axxxxx
_bxxxxx
100 1 _aBerroa, Rei,
_d1949-
245 _aFortunario insólito para convivir con la lengua y unas cuantas cicatrices /
_cRei Berroa ; edición Leticia Herrera
260 _aNuevo León, México :
_bEdiciones Caletita,
_c2014.
300 _a43 p. ;
_c14 cm.
490 1 _aLas vaquitas flacas
_v8
500 _aLa biblioteca posee un ejemplar autografiado por el autor.
500 _aIncluye datos biográficos del autor
700 1 2 _aHerrera, Leticia,
_eed.
830 0 _pLas vaquitas flacas ;
_v8
942 _2ddc
_cBK
945 _aInventariado, 2018/ YL
956 _2LOPEREZ
_310
_620160610
_8BPMSU
_a00041
999 _c10355
_d10355